Most Popular Phone Brands - Statistics

General Stats
  • This quiz has been taken 214 times
  • The average score is 5 of 10
Answer Stats
# Millions Answer % Correct
99 Samsung
98%
61.2 Apple
97%
19.9 LG
54%
7.9 Sony Mobile
54%
22.2 Lenovo (+ Motorola)
50%
17.7 Huawei
49%
33.3 Microsoft Mobile
34%
15.3 Xiaomi
25%
14.9 TCL- Alcatel
11%
12.6 ZTE
7%
No matching quizzes found
Score Distribution
Percent of People with Each Score
Percentile by Number Answered
Your Score History
You have not taken this quiz